000 00290nam a2200133Ia 4500
100 _aKrick. E V.
942 _cBK
654 _aEngineering methods.
245 _aMethods engineering.
260 _bWILEY EASTERN LIMITED
_c2001
082 _a658.3024
300 _a530
546 _aENGLISH
999 _c26711
_d26711